Mistrzostwa Świata w Piłce Nożnej - złota piłka - Statystyki

Ogólne statystyki
  • Ten quiz został rozwiązany 87 razy
  • Średni wynik to 6 z 10
Statystyki odpowiedzi
Wins Country Winner % Poprawnych
2014, 2022 Argentyna Lionel Messi
95%
2018 Chorwacja Luka Modrić
95%
1998 Brazylia Ronaldo
81%
2010 Urugwaj Diego Forlán
71%
2006 Francja Zinedine Zidane
71%
1986 Argentyna Diego Maradona
60%
2002 Niemcy Oliver Kahn
44%
1994 Brazylia Romário
43%
1982 Włochy Paolo Rossi
32%
1990 Włochy Salvatore Schillaci
18%
Nie znaleziono quizów pasujących do podanych kryteriów
Rozkład punktacji
Procent ludzi z każdym wynikiem
Percentyl według liczby udzielonych odpowiedzi
Twoja historia wyników
Nie rozwiązałeś tego quizu